Feedback control of dynamic systems. (7th edition) (Record no. 63003)
[ view plain ]
| 000 -LEADER | |
|---|---|
| fixed length control field | 01453nam a2200241 a 4500 |
| 008 - FIXED-LENGTH DATA ELEMENTS--GENERAL INFORMATION | |
| fixed length control field | 190823s2015 ||||||||||||||||| || u |
| 020 ## - INTERNATIONAL STANDARD BOOK NUMBER | |
| International Standard Book Number | 9781292068909 |
| 050 ## - LIBRARY OF CONGRESS CALL NUMBER | |
| Classification number | TJ 216 Fra |
| 100 ## - MAIN ENTRY--PERSONAL NAME | |
| Personal name | Franklin, Gene F |
| 245 10 - TITLE STATEMENT | |
| Title | Feedback control of dynamic systems. (7th edition) |
| Statement of responsibility, etc. | By Gene F. Franklin ; J. David Powell ; Abbas Emami-Naeini ; Global editions contributions by Sanjay H.S. |
| 250 ## - EDITION STATEMENT | |
| Edition statement | 7th edition |
| 260 ## - PUBLICATION, DISTRIBUTION, ETC. | |
| Place of publication, distribution, etc. | Boston |
| Name of publisher, distributor, etc. | Pearson |
| Date of publication, distribution, etc. | 2015 |
| 300 ## - PHYSICAL DESCRIPTION | |
| Extent | 880 pages : illustrations |
| 650 ## - SUBJECT ADDED ENTRY--TOPICAL TERM | |
| Topical term or geographic name entry element | FEEDBACK CONTROL SYSTEMS |
| 700 ## - ADDED ENTRY--PERSONAL NAME | |
| Personal name | Emami-Naeini, Abbas |
| 700 ## - ADDED ENTRY--PERSONAL NAME | |
| Personal name | Powell, J. David |
| 700 ## - ADDED ENTRY--PERSONAL NAME | |
| Personal name | Sanjay, H.S |
| 995 ## - | |
| -- | MAIN LIBRARY OPEN ACCESS |
| -- | 69.97 |
| -- | 749777 |
| -- | CBU-MAIN LIBRARY (Kitwe) |
| -- | TJ 216 Fra |
| -- | 3 |
| -- | AVAILABLE |
| -- | Aug 23, 2019 |
| -- | 749777 |
| -- | Main Library Open Access Collection |
| 995 ## - | |
| -- | MAIN LIBRARY OPEN ACCESS |
| -- | 69.97 |
| -- | 749776 |
| -- | CBU-MAIN LIBRARY (Kitwe) |
| -- | TJ 216 Fra |
| -- | 1 |
| -- | AVAILABLE |
| -- | Aug 23, 2019 |
| -- | 749776 |
| -- | Main Library Open Access Collection |
| 995 ## - | |
| -- | MAIN LIBRARY OPEN ACCESS |
| -- | 69.97 |
| -- | 749779 |
| -- | CBU-MAIN LIBRARY (Kitwe) |
| -- | TJ 216 Fra |
| -- | 5 |
| -- | AVAILABLE |
| -- | Aug 23, 2019 |
| -- | 749779 |
| -- | Main Library Open Access Collection |
| 995 ## - | |
| -- | MAIN LIBRARY OPEN ACCESS |
| -- | 69.97 |
| -- | 749780 |
| -- | CBU-MAIN LIBRARY (Kitwe) |
| -- | TJ 216 Fra |
| -- | 2 |
| -- | AVAILABLE |
| -- | Aug 23, 2019 |
| -- | 749780 |
| -- | Main Library Open Access Collection |
| 995 ## - | |
| -- | MAIN LIBRARY OPEN ACCESS |
| -- | 69.97 |
| -- | 749778 |
| -- | CBU-MAIN LIBRARY (Kitwe) |
| -- | TJ 216 Fra |
| -- | 4 |
| -- | AVAILABLE |
| -- | Aug 23, 2019 |
| -- | 749778 |
| -- | Main Library Open Access Collection |
| 999 ## - | |
| -- | 63003 |
| -- | 63003 |
| Withdrawn status | Lost status | Source of classification or shelving scheme | Damaged status | Not for loan | Permanent Location | Current Location | Shelving location | Date acquired | Total Checkouts | Full call number | Barcode | Date last seen | Price effective from | Koha item type | Date last checked out |
|---|---|---|---|---|---|---|---|---|---|---|---|---|---|---|---|
| CBU-MAIN LIBRARY, KITWE. | CBU-MAIN LIBRARY, KITWE. | 12/24/2022 | TJ 216 Fra | 749777 | 12/24/2022 | 12/24/2022 | MONOGRAPH | ||||||||
| CBU-MAIN LIBRARY, KITWE. | CBU-MAIN LIBRARY, KITWE. | 12/24/2022 | TJ 216 Fra | 749776 | 12/24/2022 | 12/24/2022 | MONOGRAPH | ||||||||
| CBU-MAIN LIBRARY, KITWE. | CBU-MAIN LIBRARY, KITWE. | 12/24/2022 | TJ 216 Fra | 749779 | 12/24/2022 | 12/24/2022 | MONOGRAPH | ||||||||
| CBU-MAIN LIBRARY, KITWE. | CBU-MAIN LIBRARY, KITWE. | 12/24/2022 | 2 | TJ 216 Fra | 749780 | 09/13/2024 | 12/24/2022 | MONOGRAPH | 07/15/2024 | ||||||
| CBU-MAIN LIBRARY, KITWE. | CBU-MAIN LIBRARY, KITWE. | 12/24/2022 | TJ 216 Fra | 749778 | 12/24/2022 | 12/24/2022 | MONOGRAPH |